| 000 | 00554nam a22002057a 4500 | ||
|---|---|---|---|
| 003 | OSt | ||
| 005 | 20161116181602.0 | ||
| 008 | 161017b xxu||||| |||| 00| 0 eng d | ||
| 020 | _a9780521828956 | ||
| 040 | _cDDC. | ||
| 082 | _a547 HAR 2009. | ||
| 100 |
_aHarris,J.F.Peter; _911211 |
||
| 245 | _aCarbon Nanotube science; | ||
| 260 |
_bCambridge University Press. _c2009. |
||
| 300 |
_ax,301p; _bill: _c25cm. |
||
| 504 | _areferences and index are included. | ||
| 650 |
_aChemistry. _9797 |
||
| 650 |
_aNanotube science _911300 |
||
| 942 |
_2ddc _cO_SHELF |
||
| 999 |
_c5359 _d5359 |
||